000 00363nam a2200133Ia 4500
008 191206s9999 xx 000 0 und d
020 _a1414303513
090 _aBS2095.N.394
245 0 _ant:sport: the word of God for the world of sport
260 _aTyndale
260 _ccc2004]
300 _a322 p. : col. ill. ; 27 cm.
999 _c16581
_d16581